Podiel dotácií na podnikateľskej úspešnosti samostatne hospodáriacich roľníkov
Dotácie - jeden z najvyužívanejších podporných prostriedkov agropodnikateľov - fyzických osôb. Podiel dotácií na podnikateľskej úspešnosti samostatne hospodáriacich roľníkov, hospodáriacich v rozdielnych prírodných podmienkach. Výsledky boli získané bežne používanými metódami, ale aj použitím regres...
Salvato in:
| Autore principale: | |
|---|---|
| Natura: | Capitolo di libro |
| Lingua: | slovacco |
| Soggetti: | |
| Tags: |
Nessun Tag, puoi essere il primo ad aggiungerne!!
|
MARC
| LEADER | 00000naa a2200000 4500 | ||
|---|---|---|---|
| 001 | r043477 | ||
| 005 | 20230929064846.8 | ||
| 041 | 0 | |a slo | |
| 044 | |a SK | ||
| 245 | 1 | 0 | |a Podiel dotácií na podnikateľskej úspešnosti samostatne hospodáriacich roľníkov |c Ľudmila Mižičková |
| 520 | |a Dotácie - jeden z najvyužívanejších podporných prostriedkov agropodnikateľov - fyzických osôb. Podiel dotácií na podnikateľskej úspešnosti samostatne hospodáriacich roľníkov, hospodáriacich v rozdielnych prírodných podmienkach. Výsledky boli získané bežne používanými metódami, ale aj použitím regresnej a korelačnej analýzy, F-testu, t-testu, percentuálneho podielu dotácií na príjmoch a komparáciou. | ||
| 610 | 2 | 0 | |a dotácie štátne |
| 610 | 2 | 0 | |a roľníci jednotlivo hospodáriaci |
| 610 | 2 | 0 | |a osoby fyzické |
| 610 | 2 | 0 | |a poľnohospodárstvo |
| 610 | 2 | 0 | |a úspech pracovný |
| 610 | 2 | 0 | |a Slovensko |
| 610 | 2 | 0 | |a podmienky prírodné |
| 100 | 1 | |a Mižičková, Ľudmila | |